Catalog

Record Details

Catalog Search



Available copies

  • 0 of 1 copy available at LARL/NWRL Consortium.

Current holds

0 current holds with 1 total copy.

Show All Copies
Location Call Number / Copy Notes Barcode Shelving Location Status Due Date

Record details

  • ISBN: 9781944638115
  • ISBN: 1944638113
  • Physical Description: 279 pages ; 21 cm.
  • Publisher: Moses Lake, Washington : Radiant Publications, [2020]

Content descriptions

Summary, etc.:
What would Scarlett O'Hara do? Anything to ... Read More
Subject: Man-woman relationships > Fiction.
Man-woman relationships.
Genre: Christian fiction.
Christian fiction.
Fiction.
Historical fiction.
Romance fiction.
Romance fiction.
Historical fiction.
LDR 02083nam a2200397Ii 4500
001382726
003LARL_NWRL_CONSORTIUM
00520220106190353.0
008210302t20202020wau 000 1 eng d
040 . ‡aIFK ‡beng ‡cIFK ‡erda ‡dOCLCO ‡dNRG
020 . ‡a9781944638115 ‡q(paperback)
020 . ‡a1944638113 ‡q(paperback)
035 . ‡a(OCoLC)1240269874
08204. ‡a[FIC] ‡223
049 . ‡aNRGA
1001 . ‡aMonzon, Sarah, ‡eauthor.
24510. ‡aJocelyn : ‡ba sweet romantic comedy / ‡cSarah Monzon.
264 1. ‡aMoses Lake, Washington : ‡bRadiant Publications, ‡c[2020]
264 4. ‡c©2020
300 . ‡a279 pages ; ‡c21 cm.
336 . ‡atext ‡btxt ‡2rdacontent
337 . ‡aunmediated ‡bn ‡2rdamedia
338 . ‡avolume ‡bnc ‡2rdacarrier
4900 . ‡aSewing in SoCal ; ‡v2
520 . ‡aWhat would Scarlett O'Hara do? Anything to survive, that's what. But instead of a man-eating Southern belle in hoop skirts and big hats, my version of existence looks an awful lot like a financial conglomerate employee staring blankly at budget analysis spreadsheets. Either way, the motto has served me well most my life. Until now, that is. The corporate retreat location has just been announced, and this city girl is headed to a dude ranch in the country. How will Scarlett help me survive that? No, this time I'll turn to the sage advice of preteen YouTubers and their ponies to keep me from making a fool of myself. But who's going to help me navigate the kind yet reticent cowboy in the black Stetson--the cattle ranch owner who's slowly claiming corners of my heart?
650 0. ‡aMan-woman relationships ‡vFiction. ‡0(LARL_NWRL_CONSORTIUM)165985
650 7. ‡aMan-woman relationships. ‡2fast ‡0(LARL_NWRL_CONSORTIUM)38460
655 7. ‡aChristian fiction. ‡2lcgft
655 7. ‡aChristian fiction. ‡2fast
655 7. ‡aFiction. ‡2fast
655 7. ‡aHistorical fiction. ‡2fast
655 7. ‡aRomance fiction. ‡2fast
655 7. ‡aRomance fiction. ‡2lcgft
655 7. ‡aHistorical fiction. ‡2lcgft
905 . ‡ubacont
901 . ‡a382726 ‡b ‡c382726 ‡tbiblio ‡soclc

Additional Resources